[Event "XX Festival A"]
[Site "Porto San Giorgio ITA"]
[Date "2008.08.21"]
[Round "1"]
[White "Vuelban, Virgilio"]
[Black "Caiazzo, Diego"]
[Result "1-0"]
[WhiteElo "2263"]
[BlackElo "1992"]
[PlyCount "97"]
[EventDate "2008.08.21"]

1. e4 e6 2. d4 d5 3. Nc3 dxe4 4. Nxe4 Nd7 5. Nf3 Ngf6 6. Bd3 Be7 7. O-O O-O 8.
Qe2 b6 9. Bg5 Bb7 10. Nxf6+ Bxf6 11. Bxf6 Nxf6 12. Rfd1 Qe7 13. Ba6 c6 14. Ne5
Rac8 15. Bxb7 Qxb7 16. Qf3 Qc7 17. c3 Rfd8 18. Qe2 c5 19. Nf3 h6 20. Re1 cxd4
21. Nxd4 Qb7 22. Rad1 Rd7 23. a3 Rcd8 24. f4 Rd5 25. Rd3 Qd7 26. Qf3 Qc7 27.
Rde3 R5d7 28. Re5 Rd5 29. R5e2 R5d7 30. Nc6 Rc8 31. Nd4 Rcd8 32. g4 Qc5 33. Rf2
Qd5 34. h3 Qxf3 35. Rxf3 a6 36. Re2 Kf8 37. g5 Ng8 38. h4 Rd5 39. g6 Re8 40.
Rfe3 fxg6 41. Nxe6+ Kf7 42. Ng5+ hxg5 43. Rxe8 gxh4 44. Rb8 Rb5 45. b4 g5 46.
c4 Rf5 47. Rb7+ Kf6 48. fxg5+ Rxg5+ 49. Rg2 1-0

[Event "XX Festival A"]
[Site "Porto San Giorgio ITA"]
[Date "2008.08.22"]
[Round "2"]
[White "Andonov, Bogomil"]
[Black "Piscitelli, Vito"]
[Result "1-0"]
[WhiteElo "2326"]
[BlackElo "2003"]
[PlyCount "59"]
[EventDate "2008.08.21"]

1. d4 Nf6 2. Nf3 g6 3. c4 Bg7 4. Nc3 O-O 5. e4 d6 6. h3 e5 7. d5 Nh5 8. Ng1 Qe8
9. Be2 Nf6 10. g4 a5 11. h4 Na6 12. h5 Nd7 13. Be3 Ndc5 14. Qd2 Qe7 15. Nh3 f6
16. f3 g5 17. Nf2 h6 18. b3 a4 19. Bd1 axb3 20. axb3 Bd7 21. Nb5 b6 22. b4 Nb7
23. Kf1 Nd8 24. Nc3 Nf7 25. Nd3 Rfb8 26. Kg2 Bc8 27. Ba4 Bb7 28. Ra2 Nd8 29.
Rha1 Ra7 30. Bc6 1-0

[Event "XX Festival A"]
[Site "Porto San Giorgio ITA"]
[Date "2008.08.22"]
[Round "2"]
[White "Bondielli, Giorgio"]
[Black "Tugui, Adrian"]
[Result "0-1"]
[WhiteElo "1929"]
[BlackElo "2375"]
[PlyCount "20"]
[EventDate "2008.08.21"]

1. e4 c5 2. d4 cxd4 3. c3 d5 4. exd5 Qxd5 5. Nf3 Nc6 6. Na3 Bg4 7. Be2 e5 8.
Nc2 O-O-O 9. cxd4 exd4 10. Qd3 Bf5 0-1

[Event "XX Festival A"]
[Site "Porto San Giorgio ITA"]
[Date "2008.08.22"]
[Round "2"]
[White "Bontempi, Piero"]
[Black "Suppa, Ercole"]
[Result "1-0"]
[WhiteElo "2374"]
[BlackElo "2119"]
[PlyCount "73"]
[EventDate "2008.08.21"]

1. e4 e6 2. d4 d5 3. Bd3 dxe4 4. Bxe4 Nf6 5. Bd3 c5 6. c3 Nc6 7. Nf3 Be7 8. O-O
cxd4 9. cxd4 Nb4 10. Be2 O-O 11. a3 Nbd5 12. Ne5 Qc7 13. Nd2 b6 14. Ndf3 Bb7
15. Bd3 Rac8 16. Bd2 a6 17. Qe2 b5 18. a4 Bb4 19. axb5 axb5 20. Bxb5 Bxd2 21.
Qxd2 Qb6 22. Qa5 Rc2 23. Nd3 Rb8 24. Qxb6 Nxb6 25. Nfe5 Ne4 26. Rfc1 Rxc1+ 27.
Rxc1 Nd6 28. Bc6 Nf5 29. Nf3 h6 30. Kf1 Ba6 31. Ke2 Nc4 32. Ra1 Rb6 33. Rxa6
Rxa6 34. Bb5 Rd6 35. Bxc4 Nxd4+ 36. Nxd4 Rxd4 37. b3 1-0

[Event "XX Festival A"]
[Site "Porto San Giorgio ITA"]
[Date "2008.08.22"]
[Round "2"]
[White "Borgiani, Flavio"]
[Black "Hera, Imre jr"]
[Result "0-1"]
[WhiteElo "2215"]
[BlackElo "2518"]
[PlyCount "50"]
[EventDate "2008.08.21"]

1. d4 d5 2. Nf3 Nf6 3. c4 dxc4 4. e3 e6 5. Bxc4 a6 6. a4 c5 7. O-O Nc6 8. dxc5
Qc7 9. Nc3 Bxc5 10. Bd2 O-O 11. Qe2 b6 12. Rac1 Bb7 13. Ba2 Rfd8 14. Bb1 Ne5
15. Ng5 Neg4 16. g3 Qe5 17. e4 Nxf2 18. Rxf2 Ng4 19. Nd1 Nxf2 20. Nxf2 Qxb2 21.
Nf3 Rac8 22. Rd1 Bc6 23. Qxa6 Ra8 24. Qe2 Bxa4 25. Rc1 Rac8 0-1

[Event "XX Festival A"]
[Site "Porto San Giorgio ITA"]
[Date "2008.08.22"]
[Round "2"]
[White "Boscolo, Marco"]
[Black "Vuelban, Virgilio"]
[Result "0-1"]
[WhiteElo "2071"]
[BlackElo "2263"]
[PlyCount "112"]
[EventDate "2008.08.21"]

1. d4 Nf6 2. c4 g6 3. Nc3 Bg7 4. e4 d6 5. f3 O-O 6. Be3 Nbd7 7. Qd2 c5 8. d5
Ne5 9. Bg5 a6 10. f4 Ned7 11. Nf3 Qa5 12. Bd3 b5 13. O-O bxc4 14. Bxc4 Nb6 15.
Be2 Na4 16. Bxf6 exf6 17. Rfe1 Rb8 18. Nxa4 Qxa4 19. Bf1 Re8 20. b3 Qa3 21.
Rac1 Rb4 22. Rc4 a5 23. h3 Bh6 24. g4 Bd7 25. Bd3 Rbb8 26. Rc2 a4 27. Bc4 Bb5
28. Kg2 axb3 29. axb3 Bxc4 30. bxc4 Qa4 31. g5 fxg5 32. fxg5 Bg7 33. Re3 Rb7
34. Qe2 Rbe7 35. Qd3 h6 36. h4 Qd7 37. Nh2 hxg5 38. hxg5 Re5 39. Nf3 Qg4+ 40.
Kf2 Rxe4 41. Rce2 Rxe3 42. Rxe3 Rb8 43. Re2 Qh3 44. Qd1 Qf5 45. Qc2 Bd4+ 46.
Kg3 Be5+ 47. Nxe5 Qxg5+ 48. Ng4 f5 49. Qa4 Qxg4+ 50. Kf2 Qd4+ 51. Kg2 Rb2 52.
Qe8+ Kg7 53. Qe7+ Kh6 54. Rxb2 Qxb2+ 55. Kf1 Qc1+ 56. Kg2 Qg5+ 0-1

[Event "XX Festival A"]
[Site "Porto San Giorgio ITA"]
[Date "2008.08.22"]
[Round "2"]
[White "Calandri, Fausto"]
[Black "Kizov, Atanas"]
[Result "0-1"]
[WhiteElo "2138"]
[BlackElo "2426"]
[PlyCount "68"]
[EventDate "2008.08.21"]

1. e4 e5 2. Nf3 Nc6 3. d4 exd4 4. Nxd4 Bc5 5. Nxc6 bxc6 6. Bd3 Qh4 7. O-O Nf6
8. Qf3 O-O 9. Bf4 d6 10. Bg3 Qh5 11. Qxh5 Nxh5 12. Nd2 Nxg3 13. hxg3 a5 14.
Rfe1 a4 15. Kf1 Bd4 16. Rab1 Be6 17. b3 Bc3 18. Red1 g6 19. Nc4 d5 20. Ne3 Rfd8
21. Ke2 axb3 22. axb3 Ra2 23. Kf1 Rb8 24. f3 Re8 25. exd5 cxd5 26. b4 c6 27.
Ng4 Rb8 28. Rb3 d4 29. Rbb1 Rxb4 30. Ne5 c5 31. Rxb4 Bxb4 32. Rb1 Kg7 33. Nc6
Bc3 34. Ke2 c4 0-1

[Event "XX Festival A"]
[Site "Porto San Giorgio ITA"]
[Date "2008.08.22"]
[Round "2"]
[White "Calavalle, Giulio"]
[Black "Erdos, Viktor"]
[Result "1/2-1/2"]
[WhiteElo "2231"]
[BlackElo "2576"]
[PlyCount "74"]
[EventDate "2008.08.21"]

1. e4 e6 2. d4 d5 3. Nc3 Nf6 4. e5 Nfd7 5. f4 c5 6. Nf3 Nc6 7. Be3 a6 8. Qd2 b5
9. a3 Bb7 10. Be2 Rc8 11. O-O Qb6 12. Nd1 Be7 13. c3 O-O 14. Nf2 Na5 15. dxc5
Bxc5 16. Bxc5 Nxc5 17. b4 Ne4 18. bxa5 Nxd2 19. axb6 Nxf1 20. Kxf1 Rxc3 21. a4
bxa4 22. Rxa4 Rc1+ 23. Ne1 Rb1 24. Nfd3 Rc8 25. Ra5 Rc4 26. g3 Rb5 27. Rxb5
axb5 28. Nf3 Bc8 29. Nde1 Rc6 30. Bxb5 Rxb6 31. Bd3 Rb2 32. Nc2 Bd7 33. Nfd4 g6
34. Kf2 h5 35. h3 Kf8 36. g4 hxg4 37. hxg4 Ke7 1/2-1/2

[Event "XX Festival A"]
[Site "Porto San Giorgio ITA"]
[Date "2008.08.22"]
[Round "2"]
[White "Calzetta Ruiz, Monica"]
[Black "Maggi, Fabrizio"]
[Result "1/2-1/2"]
[WhiteElo "2264"]
[BlackElo "2009"]
[PlyCount "68"]
[EventDate "2008.08.21"]

1. e4 e6 2. d4 d5 3. Nd2 c5 4. Ngf3 Nc6 5. Bb5 a6 6. Bxc6+ bxc6 7. O-O Nf6 8.
e5 Nd7 9. c3 Be7 10. Qa4 Qb6 11. dxc5 Nxc5 12. Qg4 O-O 13. Nb3 f5 14. exf6 Rxf6
15. Qd4 Qb5 16. Bg5 Nxb3 17. axb3 Rxf3 18. Bxe7 Rf7 19. Bb4 Bd7 20. Ra5 Qe2 21.
Qb6 Qxb2 22. Rxa6 Re8 23. Ra7 e5 24. Qc5 Qe2 25. Qd6 Qg4 26. f3 Qf5 27. Rfa1 h6
28. Bc5 e4 29. f4 e3 30. Ra8 e2 31. Rxe8+ Bxe8 32. Re1 Qxf4 33. Qxf4 Rxf4 34.
Rxe2 Bg6 1/2-1/2

[Event "XX Festival A"]
[Site "Porto San Giorgio ITA"]
[Date "2008.08.22"]
[Round "2"]
[White "Capezza, Marco"]
[Black "Stromboli, Ettore"]
[Result "0-1"]
[WhiteElo "2104"]
[BlackElo "2300"]
[PlyCount "68"]
[EventDate "2008.08.21"]

1. d4 Nf6 2. c4 e6 3. Nf3 b6 4. a3 Ba6 5. Qc2 Bb7 6. Nc3 c5 7. d5 exd5 8. cxd5
d6 9. e4 Be7 10. Be2 O-O 11. O-O Re8 12. Bf4 Nh5 13. Be3 Bf8 14. Nd2 Nf6 15.
Bf4 Ba6 16. Bxa6 Nxa6 17. Qd3 Nc7 18. a4 a6 19. Bg5 Be7 20. f4 h6 21. Bh4 Rb8
22. Nc4 Qd7 23. Rfd1 Nxe4 24. Nxe4 Bxh4 25. Nexd6 b5 26. axb5 axb5 27. Nxe8
bxc4 28. Qxc4 Nxe8 29. Qxc5 Rxb2 30. Qc6 Rxg2+ 31. Kxg2 Qg4+ 32. Kf1 Qf3+ 33.
Kg1 Bf2+ 34. Kf1 Bg3+ 0-1

[Event "XX Festival A"]
[Site "Porto San Giorgio ITA"]
[Date "2008.08.22"]
[Round "2"]
[White "Cappai, Davide"]
[Black "Di Caro, Calogero"]
[Result "1/2-1/2"]
[WhiteElo "2122"]
[BlackElo "2399"]
[PlyCount "93"]
[EventDate "2008.08.21"]

1. b3 e5 2. Bb2 Nc6 3. e3 Nf6 4. Nf3 e4 5. Nd4 Nxd4 6. Bxd4 Be7 7. Bb2 d5 8.
Be2 O-O 9. f4 c5 10. O-O b6 11. a4 a6 12. d4 exd3 13. cxd3 Bb7 14. Bf3 b5 15.
Nd2 Qb6 16. Qc2 Rfe8 17. Rfe1 Rac8 18. Be5 Nd7 19. Bg4 Rcd8 20. a5 Qg6 21. Bxd7
Rxd7 22. Rac1 f6 23. Bb2 Bd6 24. d4 Qxc2 25. Rxc2 c4 26. Kf2 Rde7 27. g3 Bc8
28. bxc4 dxc4 29. e4 Bf5 30. Kf3 h5 31. Rcc1 Bb4 32. Bc3 Bxc3 33. Rxc3 Rd8 34.
Ke3 Bxe4 35. Nxe4 f5 36. Kf3 fxe4+ 37. Rxe4 Rc7 38. Re6 b4 39. Rc1 Rxd4 40.
Rxa6 c3 41. Rb6 c2 42. a6 Rc3+ 43. Ke2 b3 44. a7 Ra4 45. Kd2 Rf3 46. Ke2 Rc3
47. Kd2 1/2-1/2

[Event "XX Festival A"]
[Site "Porto San Giorgio ITA"]
[Date "2008.08.22"]
[Round "2"]
[White "Caprio, Guido"]
[Black "Naumkin, Igor"]
[Result "1/2-1/2"]
[WhiteElo "2188"]
[BlackElo "2502"]
[PlyCount "120"]
[EventDate "2008.08.21"]

1. e4 e6 2. d4 d5 3. Nc3 Nf6 4. Bg5 dxe4 5. Nxe4 Be7 6. Bxf6 gxf6 7. Nf3 a6 8.
g3 b5 9. Bg2 Bb7 10. Qe2 Nd7 11. O-O h5 12. Rfd1 Kf8 13. c3 Qc8 14. b3 c5 15.
c4 bxc4 16. Rac1 h4 17. Nxh4 cxd4 18. Rxc4 Qb8 19. Rcxd4 Ne5 20. f4 Nc6 21. Rd7
Bc8 22. R7d2 f5 23. Ng5 Qb6+ 24. Kh1 Ra7 25. Rc1 Rc7 26. Rdc2 Bd7 27. Ng6+ fxg6
28. Nxe6+ Bxe6 29. Qxe6 Bd8 30. Bxc6 Kg7 31. Rd2 Re7 32. Rd7 Rhe8 33. Qe5+ Kh7
34. Qd5 Qe3 35. Rd1 Bb6 36. Qe5 Qxe5 37. fxe5 Kh6 38. R7d6 Rb8 39. e6 Kg7 40.
Bd7 a5 41. R1d5 Kf6 42. Kg2 Rg7 43. Rc6 Bd8 44. Bc8 Bb6 45. Rb5 Rc7 46. Rbxb6
Rbxc8 47. Rxc7 Rxc7 48. e7+ Kxe7 49. Rxg6 Rc2+ 50. Kf3 Rxa2 51. h4 Ra3 52. Kf4
Rxb3 53. Ra6 Ra3 54. h5 Kf7 55. h6 Kg8 56. Ra7 a4 57. Rg7+ Kh8 58. Kxf5 Rf3+
59. Kg4 Rf6 60. Ra7 Rxh6 1/2-1/2

[Event "XX Festival A"]
[Site "Porto San Giorgio ITA"]
[Date "2008.08.22"]
[Round "2"]
[White "Cioara, Andrei Nestor"]
[Black "Dann, Timothy"]
[Result "1-0"]
[WhiteElo "2452"]
[BlackElo "2137"]
[PlyCount "95"]
[EventDate "2008.08.21"]

1. d4 Nf6 2. Nf3 e6 3. g3 b6 4. Bg2 Bb7 5. O-O d5 6. Ne5 c5 7. c4 Bd6 8. Qa4+
Nbd7 9. Bf4 Bxe5 10. dxe5 Ng4 11. Rd1 g5 12. cxd5 Bxd5 13. Bxd5 exd5 14. Bc1 d4
15. e3 Ngxe5 16. exd4 Nf3+ 17. Kg2 Nxd4 18. Be3 b5 19. Qa3 Nc2 20. Qc3 Nxe3+
21. Qxe3+ Qe7 22. Qd3 Rd8 23. Nc3 O-O 24. Qxb5 Nb6 25. Qc6 g4 26. Re1 Qd6 27.
Qxd6 Rxd6 28. Re5 f5 29. Rd1 Rxd1 30. Nxd1 Nc4 31. Rxc5 Rd8 32. Rxc4 Rxd1 33.
Rc5 Rd2 34. Rxf5 Rxb2 35. Ra5 Rb7 36. Rg5+ Rg7 37. Rxg7+ Kxg7 38. h3 h5 39.
hxg4 hxg4 40. Kf1 Kf6 41. Ke2 Ke6 42. Ke3 Ke5 43. a4 a5 44. f4+ gxf3 45. Kxf3
Kf5 46. Ke3 Kg4 47. Kd4 Kxg3 48. Kc5 1-0

[Event "XX Festival A"]
[Site "Porto San Giorgio ITA"]
[Date "2008.08.22"]
[Round "2"]
[White "Di Donatantonio, Franco"]
[Black "Tomescu, Vlad"]
[Result "0-1"]
[WhiteElo "2135"]
[BlackElo "2405"]
[PlyCount "72"]
[EventDate "2008.08.21"]

1. e4 c5 2. Nf3 Nc6 3. Bb5 e6 4. Bxc6 bxc6 5. d3 f6 6. O-O d6 7. Nh4 Ne7 8. f4
g6 9. Be3 Bg7 10. Nd2 f5 11. c3 Ba6 12. Qc2 fxe4 13. Nxe4 Nd5 14. Bf2 Nxf4 15.
Rad1 O-O 16. Nf3 Qe7 17. Bh4 Qd7 18. Bg5 h6 19. Bxf4 Rxf4 20. g3 Rxe4 21. dxe4
Bxf1 22. Rxf1 g5 23. h3 c4 24. e5 d5 25. Qg6 Qe8 26. Qc2 c5 27. b3 cxb3 28.
axb3 Qh5 29. Kg2 g4 30. hxg4 Qxg4 31. Re1 Rf8 32. Nh4 Rf7 33. c4 d4 34. Re4 Qh5
35. b4 Bxe5 36. bxc5 Rg7 0-1

[Event "XX Festival A"]
[Site "Porto San Giorgio ITA"]
[Date "2008.08.22"]
[Round "2"]
[White "Dragojlovic, Andjelko"]
[Black "Foglia, Maurizio"]
[Result "1-0"]
[WhiteElo "2400"]
[BlackElo "2135"]
[PlyCount "65"]
[EventDate "2008.08.21"]

1. Nf3 d5 2. g3 Nf6 3. Bg2 c6 4. b3 g6 5. Bb2 Bg7 6. O-O O-O 7. d3 Bg4 8. Nbd2
Nbd7 9. h3 Bxf3 10. Nxf3 Qc7 11. c4 e6 12. Qc2 Rac8 13. Rfc1 Rfe8 14. b4 Qb8
15. e4 dxe4 16. dxe4 e5 17. a4 Nf8 18. a5 N6d7 19. c5 a6 20. Bf1 Ne6 21. Rd1
Rcd8 22. Bc4 Ndf8 23. Qb3 Qc7 24. Rxd8 Rxd8 25. Rd1 h6 26. Kg2 Nd4 27. Nxd4
exd4 28. f4 Re8 29. e5 Ne6 30. Bxe6 Rxe6 31. Rxd4 g5 32. Qd3 gxf4 33. Rd7 1-0

[Event "XX Festival A"]
[Site "Porto San Giorgio ITA"]
[Date "2008.08.22"]
[Round "2"]
[White "Estremera Panos, Sergio"]
[Black "Calella, Sergio"]
[Result "1-0"]
[WhiteElo "2394"]
[BlackElo "2123"]
[PlyCount "61"]
[EventDate "2008.08.21"]

1. d4 Nf6 2. c4 c5 3. d5 d6 4. Nc3 g6 5. e4 Bg7 6. Nf3 O-O 7. h3 Na6 8. Bd3 Nc7
9. O-O a6 10. Re1 Rb8 11. a4 b5 12. axb5 axb5 13. cxb5 Bd7 14. Qe2 Rb7 15. Bc4
e6 16. dxe6 Bxe6 17. Rd1 Qe7 18. Bf4 Rfb8 19. e5 Nfe8 20. Bg5 f6 21. exf6 Bxf6
22. Ne4 d5 23. Nxf6+ Nxf6 24. Qe5 Rf8 25. Bf1 Qg7 26. b6 Rxb6 27. Ra7 Nfe8 28.
Qxg7+ Kxg7 29. Bd8 Rxb2 30. Bxc7 Rf7 31. Be5+ 1-0

[Event "XX Festival A"]
[Site "Porto San Giorgio ITA"]
[Date "2008.08.22"]
[Round "2"]
[White "Fedorchuk, Sergey A."]
[Black "Della Corte, Alessandro"]
[Result "1-0"]
[WhiteElo "2624"]
[BlackElo "2247"]
[PlyCount "83"]
[EventDate "2008.08.21"]

1. e4 d5 2. exd5 Qxd5 3. Nc3 Qd6 4. d4 Nf6 5. Nf3 c6 6. Ne5 Be6 7. a3 Nbd7 8.
Bf4 Nxe5 9. Bxe5 Qd8 10. Qd2 g6 11. O-O-O Bg7 12. h4 h5 13. Kb1 Qa5 14. Bd3
O-O-O 15. Rhe1 Ne8 16. Qf4 Bxe5 17. Rxe5 Qc7 18. Qe3 Nf6 19. f3 Nd7 20. Rg5 Qd6
21. d5 cxd5 22. Qxa7 Qb6 23. Qxb6 Nxb6 24. Bxg6 fxg6 25. Rxg6 Rd6 26. Nb5 Rc6
27. Nd4 Kd7 28. Re1 Bf7 29. Nxc6 bxc6 30. Rg7 Be6 31. b3 d4 32. Re4 c5 33. Rg6
Bf5 34. Rxb6 Bxe4 35. fxe4 Rg8 36. Rh6 Rxg2 37. Rxh5 Rg4 38. Rxc5 Rxe4 39. h5
e5 40. h6 Kd6 41. Rc8 Rh4 42. Rh8 1-0

[Event "XX Festival A"]
[Site "Porto San Giorgio ITA"]
[Date "2008.08.22"]
[Round "2"]
[White "Fercec, Nenad"]
[Black "Parpinel, Marco"]
[Result "1-0"]
[WhiteElo "2486"]
[BlackElo "2159"]
[PlyCount "96"]
[EventDate "2008.08.21"]

1. e4 Nc6 2. Nf3 f5 3. exf5 d5 4. d4 Bxf5 5. Bd3 Qd7 6. O-O Bxd3 7. Qxd3 e6 8.
Re1 O-O-O 9. c3 Nf6 10. b4 Bd6 11. Nbd2 Rhf8 12. Nb3 Ne4 13. b5 Nb8 14. c4 Qf7
15. c5 Bxh2+ 16. Kxh2 Nxf2 17. Qe2 Qh5+ 18. Kg1 Nh3+ 19. gxh3 Rxf3 20. Qxe6+
Nd7 21. Qg4 Qxg4+ 22. hxg4 Rg3+ 23. Kh2 Rxg4 24. Kh3 Nf6 25. Re6 h5 26. Bd2 Ne4
27. Rf1 g5 28. Rf7 Rd7 29. Re8+ Rd8 30. Ree7 Rh4+ 31. Kg2 Rg4+ 32. Kf3 Kb8 33.
Rxc7 Re8 34. Rxb7+ Kc8 35. Rbe7 Rg3+ 36. Ke2 Rxe7 37. Rxe7 h4 38. Ba5 Rg2+ 39.
Ke1 Rg1+ 40. Ke2 Rg2+ 41. Kd3 Rg3+ 42. Kc2 Rg2+ 43. Nd2 Nxd2 44. Bxd2 h3 45.
Rxa7 h2 46. Rh7 Rg4 47. Rxh2 Rxd4 48. c6 Kb8 1-0

[Event "XX Festival A"]
[Site "Porto San Giorgio ITA"]
[Date "2008.08.22"]
[Round "2"]
[White "Giobbi, Costantino"]
[Black "Rettore, Ludwig"]
[Result "0-1"]
[WhiteElo "1972"]
[BlackElo "2230"]
[PlyCount "76"]
[EventDate "2008.08.21"]

1. e4 c5 2. Nf3 e6 3. d3 d5 4. Nbd2 Nc6 5. g3 Nf6 6. Bg2 Be7 7. O-O O-O 8. Re1
b6 9. a3 Bb7 10. c3 dxe4 11. dxe4 Qc7 12. Qc2 Rad8 13. Nc4 b5 14. Bf4 Qc8 15.
Nce5 Nd7 16. Nxc6 Qxc6 17. e5 c4 18. Nh4 Qc8 19. Nf3 Nc5 20. Re2 Nd3 21. Nd4
Bxg2 22. Kxg2 Bc5 23. Re4 Qb7 24. f3 Rd5 25. b4 Bb6 26. a4 a6 27. a5 Bxd4 28.
Rxd4 Rxd4 29. cxd4 Nxb4 30. Qd2 Nd5 31. Bg5 b4 32. Qe2 c3 33. Qe4 b3 34. h4 c2
35. Rh1 Rc8 36. h5 b2 37. Bh4 c1=Q 38. Qg4 Ne3+ 0-1

[Event "XX Festival A"]
[Site "Porto San Giorgio ITA"]
[Date "2008.08.22"]
[Round "2"]
[White "Gordon, Stephen J."]
[Black "Piva, Giorgio"]
[Result "1-0"]
[WhiteElo "2508"]
[BlackElo "2167"]
[PlyCount "55"]
[EventDate "2008.08.21"]

1. d4 d5 2. c4 dxc4 3. e3 e5 4. Bxc4 exd4 5. exd4 Nf6 6. Nf3 Bd6 7. O-O O-O 8.
Nc3 Nc6 9. h3 h6 10. Qc2 a6 11. a3 Bd7 12. Re1 Qc8 13. Bxh6 Bf5 14. Qd2 Bxh3
15. Ne4 Nh7 16. Nxd6 cxd6 17. Bf4 Bg4 18. Bxd6 Rd8 19. Qf4 Qf5 20. Qxf5 Bxf5
21. Be7 Rd7 22. Bc5 Nf6 23. Ne5 Nxe5 24. dxe5 Rc8 25. b4 Nd5 26. Rad1 Be6 27.
Rd4 Nb6 28. Bxe6 1-0

[Event "XX Festival A"]
[Site "Porto San Giorgio ITA"]
[Date "2008.08.22"]
[Round "2"]
[White "Maiorov, Nikita"]
[Black "Cristiani, Cesare"]
[Result "1-0"]
[WhiteElo "2535"]
[BlackElo "2168"]
[PlyCount "84"]
[EventDate "2008.08.21"]

1. d4 Nf6 2. c4 e6 3. Nc3 c5 4. d5 exd5 5. cxd5 d6 6. Nf3 g6 7. g3 Bg7 8. Bg2
O-O 9. O-O Na6 10. Nd2 Nc7 11. Nc4 Nfe8 12. a4 f5 13. Bd2 b6 14. Rc1 Ba6 15. b3
Nf6 16. Re1 Rb8 17. Bf4 Bxc4 18. bxc4 Nh5 19. Bd2 f4 20. Ne4 fxg3 21. hxg3 Bd4
22. e3 Bg7 23. f4 Qd7 24. Kh2 Nf6 25. Ng5 h6 26. Bh3 Qe7 27. Ne6 Nxe6 28. Bxe6+
Kh7 29. Rh1 Ne8 30. e4 Nc7 31. Qg4 Nxe6 32. dxe6 Rbe8 33. f5 gxf5 34. exf5 Qf6
35. Bc3 Qg5 36. Qxg5 hxg5 37. Kg2+ Kg8 38. g4 Bxc3 39. Rxc3 Kg7 40. Rd3 Kf6 41.
Rh6+ Ke5 42. Kf3 Ra8 1-0

[Event "XX Festival A"]
[Site "Porto San Giorgio ITA"]
[Date "2008.08.22"]
[Round "2"]
[White "Maksimovic, Miodrag"]
[Black "Navarro, Stefano"]
[Result "0-1"]
[WhiteElo "2003"]
[BlackElo "2259"]
[PlyCount "116"]
[EventDate "2008.08.21"]

1. e4 e5 2. Nc3 Nf6 3. f4 d6 4. Nf3 Nc6 5. Bb5 Bd7 6. d3 exf4 7. Bxf4 Be7 8.
O-O a6 9. Ba4 O-O 10. Kh1 b5 11. Bb3 Na5 12. Nd5 Nxd5 13. Bxd5 c6 14. Bb3 Nxb3
15. axb3 c5 16. Qe1 Bc6 17. Qg3 Kh8 18. Bg5 Bb7 19. Rf2 d5 20. Bxe7 Qxe7 21.
exd5 Bxd5 22. Re1 Qb7 23. Re5 Rae8 24. Rfe2 Rxe5 25. Rxe5 f6 26. Re3 Qd7 27.
Qe1 Qd6 28. Kg1 c4 29. dxc4 bxc4 30. bxc4 Bxc4 31. b3 Bf7 32. Rd3 Qc5+ 33. Qf2
Qc7 34. c4 Re8 35. Qd4 Bg6 36. Rd2 Qb7 37. Rb2 Be4 38. Kf2 Bxf3 39. gxf3 Qc7
40. Kg2 Rd8 41. Qe3 Qd7 42. Re2 h6 43. Ra2 Re8 44. Qd2 Qb7 45. Rb2 Qf7 46. Qd6
Qg6+ 47. Kf2 a5 48. c5 Qg5 49. Qd4 Qc1 50. Re2 Rc8 51. Kg2 Qg5+ 52. Kf1 Rxc5
53. Re8+ Kh7 54. Qd8 Rc1+ 55. Re1 Qb5+ 56. Kf2 Rc2+ 57. Ke3 Qe5+ 58. Kd3 Qc3+
0-1

[Event "XX Festival A"]
[Site "Porto San Giorgio ITA"]
[Date "2008.08.22"]
[Round "2"]
[White "Peredy, Ferenc"]
[Black "Sarro, Emilio"]
[Result "1-0"]
[WhiteElo "2251"]
[BlackElo "1703"]
[PlyCount "63"]
[EventDate "2008.08.21"]

1. d4 Nf6 2. Bg5 d5 3. e3 e6 4. Bd3 Be7 5. Nd2 Nbd7 6. f4 O-O 7. Qf3 Ne8 8. Qh3
f5 9. Ngf3 Nef6 10. O-O Qe8 11. c4 c6 12. cxd5 cxd5 13. Rac1 a6 14. Nb3 h6 15.
Bh4 Ng4 16. Bxe7 Qxe7 17. Ne5 Ngxe5 18. dxe5 b6 19. Rc7 Qb4 20. Qg3 Rf7 21. Qg6
Qf8 22. Rfc1 Qe8 23. R1c6 Nf8 24. Qxf7+ Qxf7 25. Rxf7 Kxf7 26. Rxb6 g5 27. Nd4
gxf4 28. exf4 Ra7 29. Kf2 Rc7 30. Bxa6 Bxa6 31. Rxa6 Rc4 32. Ke3 1-0

[Event "XX Festival A"]
[Site "Porto San Giorgio ITA"]
[Date "2008.08.22"]
[Round "2"]
[White "Rinaudo, Sergio"]
[Black "Aleksic, Nenad"]
[Result "1/2-1/2"]
[WhiteElo "2116"]
[BlackElo "2371"]
[PlyCount "58"]
[EventDate "2008.08.21"]

1. d4 Nf6 2. Nf3 b6 3. e3 Bb7 4. Bd3 e6 5. c4 c5 6. O-O g6 7. Nc3 Bg7 8. Qe2
O-O 9. b3 Nc6 10. Ba3 d6 11. Rac1 Re8 12. Rfd1 Qb8 13. dxc5 dxc5 14. Bb1 a6 15.
Rd2 Nb4 16. Rcd1 Qc7 17. Bb2 Rad8 18. a3 Nc6 19. Ne4 Nxe4 20. Bxe4 Bxb2 21.
Rxb2 Na5 22. Bxb7 Qxb7 23. Rd3 Qc7 24. Rbd2 Nc6 25. Qd1 Rxd3 26. Rxd3 b5 27.
Rd7 Rd8 28. Rxd8+ Nxd8 29. Qd3 bxc4 1/2-1/2

[Event "XX Festival A"]
[Site "Porto San Giorgio ITA"]
[Date "2008.08.22"]
[Round "2"]
[White "Saccona, Silvano"]
[Black "Jovanic, Ognjen"]
[Result "0-1"]
[WhiteElo "2168"]
[BlackElo "2493"]
[PlyCount "90"]
[EventDate "2008.08.21"]

1. d4 Nf6 2. Nf3 e6 3. Bf4 b6 4. e3 Bb7 5. Nbd2 Be7 6. h3 c5 7. dxc5 bxc5 8. c4
O-O 9. Be2 d6 10. O-O Qb6 11. Qc2 h6 12. Rfd1 Nbd7 13. g4 Qc6 14. Kh2 e5 15.
Bg3 Rfe8 16. Rg1 Nh7 17. Bh4 g5 18. Bg3 e4 19. Ne1 Bf6 20. Rd1 Ne5 21. Bf1 Bg7
22. Nb1 Nf6 23. Nc3 Rad8 24. Nd5 Qc8 25. Bg2 Bc6 26. Kh1 Qb7 27. Nxf6+ Bxf6 28.
Bxe5 Bxe5 29. b3 Kg7 30. Rf1 Re6 31. Rd5 Bxd5 32. cxd5 Re7 33. Bxe4 Qb4 34. Bg2
Bf6 35. Nf3 Rde8 36. Nd2 Qc3 37. Qd1 Qd3 38. Qc1 Be5 39. Nc4 Qg6 40. f4 gxf4
41. exf4 Bd4 42. f5 Qf6 43. Qf4 Rd8 44. Qf3 Qh4 45. Qd1 Qg3 0-1

[Event "XX Festival A"]
[Site "Porto San Giorgio ITA"]
[Date "2008.08.22"]
[Round "2"]
[White "Santurbano, Maria Vincenza"]
[Black "Lantini, Marco"]
[Result "0-1"]
[WhiteElo "1956"]
[BlackElo "2212"]
[PlyCount "62"]
[EventDate "2008.08.21"]

1. d4 Nf6 2. c4 e6 3. Nc3 Bb4 4. Qc2 O-O 5. e4 d6 6. Nf3 c5 7. e5 cxd4 8. exf6
dxc3 9. bxc3 Qxf6 10. cxb4 Qxa1 11. Bd3 f5 12. O-O Qf6 13. c5 dxc5 14. Bg5 Qf7
15. Ne5 Qc7 16. Bf4 g5 17. Ng6 gxf4 18. Nxf8 Kxf8 19. Qc3 Kg8 20. Re1 Na6 21.
Bxf5 Qf7 22. Bc2 Nxb4 23. Bb3 Nd5 24. Qe5 Bd7 25. h3 Re8 26. Qg5+ Kh8 27. Qe5+
Qg7 28. Qh5 Rg8 29. Qf3 Qc3 30. Qe4 Nf6 31. Qb1 Qxh3 0-1

[Event "XX Festival A"]
[Site "Porto San Giorgio ITA"]
[Date "2008.08.22"]
[Round "2"]
[White "Sautto, Daniele"]
[Black "Vanzan, Alessandro"]
[Result "1-0"]
[WhiteElo "2206"]
[BlackElo "1806"]
[PlyCount "57"]
[EventDate "2008.08.21"]

1. e4 c5 2. Nc3 d6 3. Bc4 e6 4. d3 Nf6 5. f4 Nc6 6. Bb3 a6 7. Nf3 Qc7 8. O-O
Be7 9. a3 O-O 10. Qe1 Nd7 11. Ne2 b5 12. Kh1 Bf6 13. Ng3 a5 14. Nh5 Qd8 15. a4
b4 16. Rb1 Bb7 17. Qg3 Qe7 18. Nxf6+ Qxf6 19. f5 exf5 20. Bg5 f4 21. Qh3 Qg6
22. Qxd7 Rab8 23. Bxf4 Rfd8 24. Qh3 Bc8 25. Qg3 Bg4 26. Ng5 Be6 27. Nxe6 fxe6
28. Bxd6 Qxg3 29. Bxe6+ 1-0

[Event "XX Festival A"]
[Site "Porto San Giorgio ITA"]
[Date "2008.08.22"]
[Round "2"]
[White "Stromboli, Carlo"]
[Black "Faccia, Sergio"]
[Result "1-0"]
[WhiteElo "2263"]
[BlackElo "2035"]
[PlyCount "111"]
[EventDate "2008.08.21"]

1. e4 g6 2. d4 Bg7 3. Nf3 d6 4. h3 Nf6 5. Nc3 O-O 6. Bd3 c6 7. O-O b5 8. e5
dxe5 9. dxe5 Nd5 10. Nxd5 Qxd5 11. Qe2 Qd8 12. Bf4 Qc7 13. c4 b4 14. Qe3 Be6
15. Ng5 Qc8 16. Rac1 Na6 17. Bh2 h6 18. Nxe6 Qxe6 19. f4 f5 20. c5 Nc7 21. Bc4
Nd5 22. Qb3 Rfd8 23. Rfd1 Kf8 24. Rd2 Rd7 25. Rcd1 Rad8 26. Kh1 a5 27. a3 bxa3
28. Qxa3 g5 29. g3 Qf7 30. Qf3 e6 31. Bg1 h5 32. h4 gxf4 33. gxf4 Ke7 34. Bxd5
Rxd5 35. Rxd5 Rxd5 36. Rxd5 exd5 37. Qb3 Ke6 38. Qb6 Qd7 39. Qxa5 d4 40. Qa2+
Qd5+ 41. Qxd5+ Kxd5 42. b4 Bf8 43. Kg2 Be7 44. Bf2 Kc4 45. b5 Kxb5 46. Bxd4
Bxh4 47. Kh3 Be7 48. Bf2 Kc4 49. Bh4 Bxc5 50. e6 Kd5 51. e7 Bxe7 52. Bxe7 c5
53. Kh4 Ke4 54. Bd6 c4 55. Kxh5 c3 56. Kg5 1-0